000 00506nam a2200145 a 4500
005 20140414132058.0
008 110725s19uu xx 00 eng d
020 _a0870448129
050 _aREF 912
_bN19 1990
245 _aNational Geographic picture atlas of our world.
260 _aWashington, D.C :
_bNational Geographic,
_c1990.
520 _aMaps and text provide information on the geography, industries, and other vital facts of the countries of the world.
650 _aAtlases
999 _c114376
_d114376